| 000 | 00660nam a2200229 a 4500 | ||
|---|---|---|---|
| 005 | 20140310183612.0 | ||
| 008 | 120830s19uu xx 00 eng d | ||
| 020 | _a9780470828168 | ||
| 050 |
_aHF 1416 _b.L412 2011 |
||
| 100 | _aLavin, Franklin L. | ||
| 245 |
_aExport now : _bfive keys to entering new markets / _cFrank Lavin & Peter Cohan. |
||
| 260 |
_aSingapore : _bWiley (Asia), _c2011. |
||
| 300 |
_a227 p. : _c26 cm. |
||
| 500 | _aIncludes index | ||
| 521 | _aBSBA | ||
| 650 | _aExports | ||
| 650 | _aExport marketing | ||
| 650 |
_aBusiness enterprises _xCase studies |
||
| 700 | _aCohan, Peter S. | ||
| 942 |
_cBK _2lcc _kFOR |
||
| 999 |
_c25263 _d25263 |
||